00463nam a2200157Ia 45000010006000000050017000060080041000230410008000640820017000721000041000892450122001302600009002523000028002616500008002896540008002972528720260414151139.0260414t2009||||xx |||||||||||||| ||spa|| aESP a346.431bR22 aRamírez Cruz, Eugenio MaríaeAUT 0aLa garantía mobiliaria :bnuevas perspectivas del préstamo con garantía mobiliaria sin desposesión del deudor c2009 a524 páginas :c24 cm. aDER aCDE